Statistics for English Football Competition Sponsors

Click here to take the quiz!

General Stats

  • This quiz has been taken 811 times
    (562 since last reset)
  • The average score is 10 of 33

Answer Stats

Answer% Correct
Barclays
97%
Carling
83%
Coca-Cola
69%
Budweiser
52%
Capital One
45%
Sky Bet
44%
npower
41%
Worthington
33%
Johnstone's Paint
31%
E.ON
28%
Barclaycard
28%
Blue Square
27%
Nationwide
24%
Littlewoods
22%
Rumbelows
16%
AXA
15%
LDV Vans
13%
Endsleigh
9%
Canon
7%
Autoglass
7%
Auto Windscreens
7%
Milk Marketing Board
5%
Sherpa Van
5%
General Motors
4%
Gola
4%
Today
4%
Leyland DAF
4%
Freight Rover
3%

Score Distribution

Percentile by Number Answered

Percent of People with Each Score

Your Score History

You have not taken this quiz since the last reset